Tiny the snow dog / (Record no. 4516)

MARC details
000 -LEADER
fixed length control field 00881nam a22002897a 4500
001 - CONTROL NUMBER
control field 4516
003 - CONTROL NUMBER IDENTIFIER
control field FISKH
005 - DATE AND TIME OF LATEST TRANSACTION
control field 20240912151727.0
008 - FIXED-LENGTH DATA ELEMENTS--GENERAL INFORMATION
fixed length control field 240912b cb ||||| |||| 00| 0 eng d
020 ## - INTERNATIONAL STANDARD BOOK NUMBER
International Standard Book Number 051488003991
040 ## - CATALOGING SOURCE
Original cataloging agency FISKH
Language of cataloging eng
Transcribing agency FISKH
Modifying agency FISKH
050 ## - LIBRARY OF CONGRESS CALL NUMBER
Classification number PZ7.M515916
082 ## - DEWEY DECIMAL CLASSIFICATION NUMBER
Classification number 808.06
100 ## - MAIN ENTRY--PERSONAL NAME
Personal name Meister, Cari
Dates associated with a name author
245 ## - TITLE STATEMENT
Title Tiny the snow dog /
Statement of responsibility, etc. by Cari Meister : illustrated by Rich Davis
260 ## - PUBLICATION, DISTRIBUTION, ETC.
Place of publication, distribution, etc. New York :
Name of publisher, distributor, etc. Puffin Books ;
Date of publication, distribution, etc. 2001.
300 ## - PHYSICAL DESCRIPTION
Extent 32 unnumbered pages :
Other physical details color illustrations ;
Dimensions 24 cm .
490 ## - SERIES STATEMENT
Series statement PUFFIN EASY-TO-READ
Volume/sequential designation Level 1
505 ## - FORMATTED CONTENTS NOTE
Formatted contents note E <br/>
520 ## - SUMMARY, ETC.
Summary, etc. Tiny and his owner play in the snow and Tiny becomes a snow dog.
521 8# - TARGET AUDIENCE NOTE
Target audience note 190 <br/>
Source Lexile <br/>
521 8# - TARGET AUDIENCE NOTE
Target audience note E <br/>
Source Raz-Plus <br/>
650 ## - SUBJECT ADDED ENTRY--TOPICAL TERM
Topical term or geographic name entry element animals
Form subdivision fiction
700 ## - ADDED ENTRY--PERSONAL NAME
Personal name Davis, Rechard
Relator term illustrator
942 ## - ADDED ENTRY ELEMENTS (KOHA)
Source of classification or shelving scheme Dewey Decimal Classification
Koha item type Books
Suppress in OPAC No
Holdings
Withdrawn status Lost status Source of classification or shelving scheme Damaged status Not for loan Collection Home library Current library Shelving location Date acquired Total Checkouts Full call number Barcode Date last seen Price effective from Koha item type
    Dewey Decimal Classification     Juvenile Fiction Footprints International School Library Network Toul Kork Campus Footprints International School Library Network Toul Kork Campus   09/12/2024   MEI 808.06 PZ7.M515916 FIS02817 09/12/2024 09/12/2024 Books